| 000 | 00469cam a2200181ua 4500 | ||
|---|---|---|---|
| 001 | 9434 | ||
| 005 | 20260515114451.0 | ||
| 008 | 150909n ii |||gr||||Z||||||asm | ||
| 040 | _cMAIN | ||
| 041 | _aasm | ||
| 082 | _a301 | ||
| 245 | 1 |
_aSamajboodh _bUchchatar madhyamik prothom borkhor pathyaputhi |
|
| 250 | _a1st ed. | ||
| 260 |
_aGuwahati: _bAssam higher secondary education council, _c2010. |
||
| 300 | _a151p. | ||
| 653 | _aSociology & anthropology | ||
| 942 | _cBK | ||
| 999 |
_c8479 _d8479 |
||